| 000 -LEADER |
| fixed length control field |
00668nam a2200205Ia 4500 |
| 001 - CONTROL NUMBER |
| control field |
12389 |
| 003 - CONTROL NUMBER IDENTIFIER |
| control field |
GE_BSU |
| 008 - FIXED-LENGTH DATA ELEMENTS--GENERAL INFORMATION |
| fixed length control field |
181216s||||||||xx |||||||||||||| ||und|| |
| 040 ## - CATALOGING SOURCE |
| Transcribing agency |
GE_BSU |
| 080 ## - UNIVERSAL DECIMAL CLASSIFICATION NUMBER |
| Universal Decimal Classification number |
552.14 |
| 245 ## - TITLE STATEMENT |
| Title |
Диагенез и катагенез осадочных образовании: науки о земле. |
| 245 ## - TITLE STATEMENT |
| Remainder of title |
Фундаментальные труды |
| 245 ## - TITLE STATEMENT |
| Statement of responsibility, etc. |
Ред.М.Е.Яковенко |
| 260 ## - PUBLICATION, DISTRIBUTION, ETC. |
| Place of publication, distribution, etc. |
Москва |
| 260 ## - PUBLICATION, DISTRIBUTION, ETC. |
| Name of publisher, distributor, etc. |
Мир |
| 260 ## - PUBLICATION, DISTRIBUTION, ETC. |
| Date of publication, distribution, etc. |
1971 |
| 300 ## - PHYSICAL DESCRIPTION |
| Extent |
460стр.27см. |
| 653 ## - INDEX TERM--UNCONTROLLED |
| Uncontrolled term |
Диагенез и катагенез осадочных образовании: науки о земле |
| 942 ## - ADDED ENTRY ELEMENTS (KOHA) |
| Koha item type |
წიგნი |